[Event "Northumberland-ch Zollner"]
[Site "Northumberland"]
[Date "2019.05.01"]
[Round "7"]
[White "Han, Yichen"]
[Black "Trevelyan, Andy"]
[Result "1-0"]
[WhiteElo "193"]
[BlackElo "159"]
[PlyCount "91"]
[EventDate "2018.10.27"]
[EventType "swiss"]
[EventRounds "7"]
[EventCountry "ENG"]
[SourceTitle "EXT 2020"]
[Source "ChessBase"]
[SourceDate "2019.10.17"]
[SourceVersion "1"]
[SourceVersionDate "2019.10.17"]
[SourceQuality "1"]

1. e4 c5 2. Nf3 d6 3. d4 cxd4 4. Nxd4 Nf6 5. Nc3 a6 6. Bg5 e5 7. Nb3 Be6 8. Qd2 Be7 9. 0-0-0 Nbd7 10. f4 h6 11. f5 Bxb3 12. Bxf6 Nxf6 13. axb3 Qa5 14. Kb1 b5 15. Bd3 Rd8 16. Rhg1 b4 17. Na4 d5 18. Qe2 Nxe4 19. Bxe4 dxe4 20. Rxd8+ Bxd8 21. Qxe4 0-0 22. Rd1 Qb5 23. Qc4 Qxc4 24. bxc4 e4 25. c3 a5 26. cxb4 axb4 27. Nc5 e3 28. Re1 Re8 29. Kc2 Re5 30. Nd3 Re4 31. b3 g6 32. fxg6 f5 33. g3 h5 34. Re2 Be7 35. Nf4 h4 36. Nd5 hxg3 37. hxg3 Kg7 38. Kd3 Bc5 39. Nxe3 Rd4+ 40. Kc2 Kxg6 41. Nd5 Rg4 42. Nf4+ Kf7 43. Re5 Bf2 44. Rxf5+ Ke8 45. Nd5 Be1 46. Nf6+ 1-0

[Event "Northumberland-ch Zollner"]
[Site "Northumberland"]
[Date "2019.02.02"]
[Round "4"]
[White "Skelsey, Stuart"]
[Black "Trevelyan, Andy"]
[Result "1/2-1/2"]
[WhiteElo "155"]
[BlackElo "159"]
[PlyCount "70"]
[EventDate "2018.10.27"]
[EventType "swiss"]
[EventRounds "7"]
[EventCountry "ENG"]
[SourceTitle "EXT 2020"]
[Source "ChessBase"]
[SourceDate "2019.10.17"]
[SourceVersion "1"]
[SourceVersionDate "2019.10.17"]
[SourceQuality "1"]

1. c4 c5 2. Nf3 Nc6 3. d4 cxd4 4. Nxd4 g6 5. e4 Bg7 6. Be3 Qa5+ 7. Nc3 Nf6 8. f3 0-0 9. Be2 d6 10. 0-0 a6 11. a3 h5 12. b4 Qc7 13. Qd2 Kh7 14. Rab1 Ne5 15. Rfc1 Bd7 16. h3 Rfc8 17. f4 Nc6 18. Nd5 Qd8 19. Nxf6+ Bxf6 20. Nf3 Be6 21. Bd3 Qd7 22. Qc2 b5 23. f5 Bxc4 24. Bxc4 bxc4 25. Qxc4 Nd8 26. Qd5 e6 27. fxg6+ fxg6 28. Qd3 Nf7 29. Bf4 Qb5 30. Qb3 d5 31. e5 Bg7 32. Nd4 Qb6 33. Qe3 Rc4 34. Rxc4 dxc4 35. Rc1 Rc8 1/2-1/2